| 000 | 00603 a2200169 4500 | ||
|---|---|---|---|
| 999 |
_c6164 _d6164 |
||
| 020 | _a063206501X | ||
| 050 | 0 | 0 | _aTT520BAR2003 |
| 100 | 1 | _aBray, Natalie. | |
| 245 | 1 | 0 |
_aDress pattern designing : _bthe basic principles of cut and fit / _cNatalie Bray ; with Fashion supplement and illustrations by Ann Haggar. |
| 250 | _aClassic ed. | ||
| 264 |
_aLondon: _bBlackwell, _c2003 |
||
| 300 |
_avi, 176 p. : _bill. |
||
| 500 | _aIncludes index. | ||
| 650 | 0 |
_aDressmaking _xPattern design. |
|
| 942 |
_2lcc _cBK _h520 _iBRA _kTT |
||